| 000 | 00000nas 2200000zi 4500 |
| 001 | 9.502963 |
| 003 | CaOODSP |
| 005 | 20241119134445 |
| 006 | m o d f |
| 007 | cr cn |||||||| |
| 008 | 150406d20012023oncar p o f0 b0fre|d |
| 022 | |a1912-2535 |
| 040 | |aCaOODSP|bfre|erda|cCaOODSP |
| 043 | |an-cn--- |
| 086 | 1 |aT1-11F-PDF |
| 110 | 2 |aCaisse d'indemnisation des dommages dus à la pollution par les hydrocarbures causée par les navires (Canada) |
| 222 | 0|aRapport annuel de l'administrateur |b(Caisse d'indemnisation des dommages dus à la pollution par les hydrocarbures causée par les navires. En ligne) |
| 245 | 10|aRapport annuel de l'Administrateur / |cCaisse d'indemnisation des dommages dus à la pollution par les hydrocarbures causée par les navires. |
| 264 | 1|aOttawa (Ontario) Canada : |bAdministrateur, Caisse d'indemnisation des dommages dus à la pollution par les hydrocarbures causée par les navires, |c[2001-2023] |
| 310 | |aAnnuel |
| 336 | |atexte|btxt|2rdacontent/fre |
| 337 | |ainformatique|bc|2rdamedia/fre |
| 338 | |aressource en ligne|bcr|2rdacarrier |
| 362 | 1 |aParaît depuis : 2000/2001; ne paraît plus après : 2022/2023. |
| 500 | |aPublié aussi en anglais sous le titre : The administrator's annual report. |
| 588 | |aDescription d'après : 2000/2001; titre de la page couverture du fichier PDF. |
| 588 | |aDernière livraison consultée : 2022/2023. |
| 610 | 26|aCaisse d'indemnisation des dommages dus à la pollution par les hydrocarbures causée par les navires (Canada)|vPériodiques. |
| 650 | 6|aPollution marine par les hydrocarbures|zCanada|vPériodiques. |
| 650 | 6|aResponsabilité pour dommages dus à la pollution par les hydrocarbures|zCanada|vPériodiques. |
| 655 | 7|aPeriodicals|2lcgft |
| 775 | 08|tThe administrator's annual report / |w(CaOODSP)9.506567 |
| 780 | 00|tCaisse d'indemnisation des dommages dus à la pollution par les hydrocarbures causée par les navires, rapport annuel ... |w(CaOODSP)9.859324 |
| 785 | 00|tRapport annuel / |w(CaOODSP)9.945275 |